Lập trình mạng với Visual J++ 6.0
Nội dung giới thiệu những vấn đề về Java và mạng, cách cài đặt microsoft visual J++ UDP, so sánh giữa TCP và UDP, Visual J++ ..., phát tán có chọn lọc, chuỗi hóa đối tượng...
Guardado en:
| Formato: | Libro |
|---|---|
| Lenguaje: | Undetermined |
| Publicado: |
Hà Nội
Giao Thông Vận Tải
1999
|
| Materias: | |
| Etiquetas: |
Agregar Etiqueta
Sin Etiquetas, Sea el primero en etiquetar este registro!
|
| Thư viện lưu trữ: | Trung tâm Học liệu Trường Đại học Cần Thơ |
|---|
| LEADER | 00842nam a2200193Ia 4500 | ||
|---|---|---|---|
| 001 | CTU_36199 | ||
| 008 | 210402s9999 xx 000 0 und d | ||
| 020 | |b 44.000đ | ||
| 082 | |a 005.3 | ||
| 082 | |b L123 | ||
| 245 | 0 | |a Lập trình mạng với Visual J++ 6.0 | |
| 245 | 0 | |c Nguyễn Bắc Hà ( biên soạn ) | |
| 260 | |a Hà Nội | ||
| 260 | |b Giao Thông Vận Tải | ||
| 260 | |c 1999 | ||
| 520 | |a Nội dung giới thiệu những vấn đề về Java và mạng, cách cài đặt microsoft visual J++ UDP, so sánh giữa TCP và UDP, Visual J++ ..., phát tán có chọn lọc, chuỗi hóa đối tượng... | ||
| 650 | |a Internet ( computer network ),Java ( computer program language ) | ||
| 904 | |i Minh, QHieu | ||
| 980 | |a Trung tâm Học liệu Trường Đại học Cần Thơ | ||